| 000 | 00619nam a22001937a 4500 | ||
|---|---|---|---|
| 005 | 20251108164320.0 | ||
| 008 | 250721s1997 xx 000 0 ara d | ||
| 082 | 1 | 4 | _a418.2/خلي |
| 100 | 1 | _aأبو خليل، زهدي | |
| 245 | 1 | 0 | _aالمرشد في كتابة الإنشاء لطلاب المرحلتين الإعدادية و الثانوية / |
| 250 | _aط3 | ||
| 264 | 1 |
_aعمان : _bدار أسامه للنشر، _c1997. |
|
| 300 | _a200ص | ||
| 650 | 1 | 7 | _aاللغة العربية |
| 650 | 1 | 7 | _aالتعبير |
| 700 | 1 | _aأبو حلتم، نبيل خليل | |
| 942 |
_2ddc _cBK |
||
| 999 |
_c9124 _d9124 |
||